Movies Quiz

Random Movies or Actor Quiz

Who Am I? Quiz Stats

 Plays Quiz not verified by Sporcle

Score 0/10 Timer 04:00
0 Plays Today
Character Description Actor % Correct
I saved a bus full of people from being blown up by a mad man. Then I took his head off on top of a train.Keanu Reeves
81.6%
I taught celebrities how to play cards before robbing 3 casinosBrad Pitt
62.2%
I worked on the docks during The Great Depression, until I made my comeback in professional boxingRussell Crowe
58.9%
I was the biggest cocaine dealer in the US before my partner betrayed me and Penelope Cruz divorced meJohnny Depp
56.6%
I traveled across the US searching for twinkies. On my way I killed a few zombies.Woody Harrelson
45.8%
I fell in love with Natalie Portman when I came home for my mother's funeralZach Braff
42.9%
I drove across the country with my best friend to deliver a briefcase to someone I had never seen.Jeff Daniels
38.7%
I seduced the headmaster's daughter and am in love with my step-sisterRyan Phillippe
27.2%
I'm a wrestler stuck in detentionEmilio Estevez
26.7%
I solved the murders of many mob members in South Boston. I didn't turn the brothers at fault in though.Willem Dafoe
22.5%

You're not logged in!

Compare scores with friends on all Sporcle quizzes.
OR
Log In

Show Comments

Extras

Top Quizzes Today


Score Distribution

Your Account Isn't Verified!

In order to create a playlist on Sporcle, you need to verify the email address you used during registration. Go to your Sporcle Settings to finish the process.

Report this User

Report this user for behavior that violates our Community Guidelines.

Details: